000 00417nam a2200169Ia 4500
005 20250423100129.0
008 250422s9999 xx 000 0 und d
020 _a0028246276
050 _aQA 37.2 .M420/
245 0 _aMathematics : applications and connections course 2
260 _aNew York
260 _bGlencoe / McGraw-Hill
260 _cc1993
300 _a643 p
650 _aMathematics
942 _cBK
999 _c32373
_d32373